003750000a22001090004500090001700000245007600017041001400093100002600107942001300133773010200146999001700248 aASbSeriadas10aTwo new frogs (Eleutherodactylus) from the Serrania de Perija, Colombia0 aEspañol1 aLynch, John D.992907 cARTICULO1 tRevista de Academia Colombiana de Ciencias Exactas, Físicas y Naturalesh105q613-617d2003g27 c15540d15540